中华民国各省省会 Provincial Capitals of Republic of China - Statistics

General Stats
  • This quiz has been taken 45 times
    12 since last reset
  • The average score is 86 of 166
Answer Stats
行政区 时间 行政中心 % Correct
江苏省 1912-1929 南京
100%
浙江省 1912-1937 杭州
91%
浙江省 1945-1949 杭州
91%
安徽省 1945-1948 合肥
91%
四川省 1912-1949 成都
91%
福建省 1912-1938 闽侯
91%
福建省 1956-1996 台北
91%
台湾省 1945-1955 台北
91%
广东省 1912-1938 广州
91%
广东省 1945-1949 广州
91%
广西省 1912-1936 邕宁
91%
广西省 1949 邕宁
91%
广西省 1950 邕宁
91%
新疆省 1951-1992 台北
91%
江苏省 1912 吴县
82%
江苏省 1929-1937 镇江
82%
江苏省 1945-1949 镇江
82%
江西省 1912-1939 南昌
82%
江西省 1945-1949 南昌
82%
湖北省 1912-1938 武昌
82%
湖北省 1945-1949 武昌
82%
湖南省 1912-1938 长沙
82%
湖南省 1945-1949 长沙
82%
湖南省 1949 贵阳
82%
福建省 1946-1949 福州
82%
贵州省 1912-1949 贵阳
82%
河北省 1940-1945 西安
82%
山东省 1912-1928 历城
82%
山东省 1929 历城
82%
山东省 1945-1948 济南
82%
河南省 1949 汉口
82%
山西省 1912-1937 阳曲
82%
山西省 1945-1949 太原
82%
陕西省 1912-1949 西安
82%
甘肃省 1912-1949 兰州
82%
宁夏省 1929-1949 银川
82%
青海省 1928-1949 西宁
82%
绥远特别行政区 1912-1928 归绥
82%
绥远省 1928-1937 归绥
82%
绥远省 1945-1949 归绥
82%
奉天省 1912-1929 沈阳
82%
辽宁省 1929-1931 沈阳
82%
辽宁省 1945-1948 沈阳
82%
吉林省 1948 长春
82%
松江省 1945-1948 沈阳
82%
合江省 1945-1948 沈阳
82%
黑龙江省 1946-1948 沈阳
82%
嫩江省 1947-1949 沈阳
82%
兴安省 1945-1949 沈阳
82%
新疆省 1912-1951 迪化
82%
安徽省 1912-1914 怀宁
73%
安徽省 1920-1925 怀宁
73%
安徽省 1927-1929 怀宁
73%
安徽省 1929-1938 怀宁
73%
安徽省 1948-1949 怀宁
73%
湖南省 1949 桂林
73%
广东省 1949-1950 海口
73%
广西省 1936-1944 桂林
73%
广西省 1945-1949 桂林
73%
云南省 1912-1949 昆明
73%
贵州省 1949 昆明
73%
直隶省 1912-1914 清苑
73%
直隶省 1914-1928 天津
73%
河北省 1928-1930 北平
73%
河北省 1930-1935 天津
73%
河北省 1935-1937 清苑
73%
河北省 1945-1946 北平
73%
河北省 1946-1947 清苑
73%
河北省 1947-1949 北平
73%
河南省 1912-1938 开封
73%
河南省 1945-1948 开封
73%
山西省 1937-1945 吉县
73%
察哈尔特别行政区 1914-1928 张北
73%
察哈尔省 1928-1948 张垣
73%
热河特别行政区 1914-1928 承德
73%
热河省 1928-1933 承德
73%
热河省 1945-1948 承德
73%
吉林省 1912-1931 吉林
73%
吉林省 1945-1948 吉林
73%
黑龙江省 1912-1931 龙江
73%
黑龙江省 1945-1946 哈尔滨
73%
海南特别行政区 1949-1950 海口
73%
西藏地方 1928-1951 拉萨
73%
江苏省 1937 江都
64%
江西省 1949 赣县
64%
江西省 1949 台中
64%
湖北省 1938 宜昌
64%
福建省 1949-1956 金门
64%
福建省 1996-2018 金门
64%
台湾省 1955-1956 台中
64%
河北省 1937-1940 洛阳
64%
河南省 1939-1942 洛阳
64%
蒙古地方 1928-1945 库伦
64%
浙江省 1937-1938 金华
55%
安徽省 1914-1920 蚌埠
55%
安徽省 1925-1927 蚌埠
55%
安徽省 1929 蚌埠
55%
四川省 1949-1950 西昌
55%
山东省 1948-1949 青岛
55%
安东省 1946-1947 安东
55%
江苏省 1937-1939 淮阴
45%
江苏省 1941 淮安
45%
安徽省 1949 屯溪
45%
西康行政督察区 1936-1939 康定
45%
西康省 1939-1950 康定
45%
台湾省 1956-2018 南投
45%
广东省 1938-1939 连县
45%
广东省 1944-1945 连县
45%
浙江省 1949-1950 定海
36%
浙江省 1953-1954 温岭
36%
川边特别行政区 1914-1931 雅安
36%
西康行政督察区 1935-1936 雅安
36%
江苏省 1949 嵊泗
27%
安徽省 1927 芜湖
27%
安徽省 1938 六安
27%
安徽省 1949 芜湖
27%
江西省 1939 吉安
27%
川边特别行政区 1931-1935 巴安
27%
河南省 1948-1949 信阳
27%
辽北省 1945-1948 四平
27%
浙江省 1938-1941 永康
18%
浙江省 1941-1942 永康
18%
湖南省 1949 邵阳
18%
广东省 1939-1944 韶关
18%
山东省 1928-1929 泰安
18%
陕西省 1949 南郑
18%
江苏省 1949 崇明
9%
安徽省 1938-1943 立煌
9%
安徽省 1943-1945 立煌
9%
湖北省 1938-1945 恩施
9%
湖北省 1949 恩施
9%
湖北省 1949 万县
9%
湖南省 1944 桂阳
9%
广西省 1944 宜山
9%
广西省 1944-1945 百色
9%
广西省 1949-1953 富国岛
9%
云南省 1950-1951 曼谷
9%
河南省 1944-1945 卢氏
9%
甘肃省 1949 武都
9%
江苏省 1939-1941 兴化
0%
江苏省 1941-1944 太和
0%
江苏省 1944-1945 阜阳
0%
浙江省 1941 松阳
0%
浙江省 1942-1945 云和
0%
安徽省 1943 叶集
0%
安徽省 1943 霍邱
0%
江西省 1939-1945 泰和
0%
江西省 1945 宁都
0%
湖南省 1938-1939 沅陵
0%
湖南省 1939-1944 耒阳
0%
湖南省 1944 嘉禾
0%
湖南省 1944-1945 临武
0%
湖南省 1945 蓝山
0%
湖南省 1949 芷江
0%
福建省 1938-1946 永安
0%
广东省 1945 龙川
0%
广东省 1945 平远
0%
广西省 1949 龙津
0%
贵州省 1949 晴隆
0%
贵州省 1949 盘县
0%
山东省 1938-1945 南麻
0%
山东省 1949 长岛
0%
河南省 1938-1939 镇平
0%
河南省 1942 鲁山
0%
河南省 1942-1944 内乡
0%
绥远省 1937-1945 临河
0%
No matching quizzes found
Score Distribution
Percent of People with Each Score
Percentile by Number Answered
Your Score History
You have not taken this quiz since the last reset